| 000 | 00934nam a22002417a 4500 | ||
|---|---|---|---|
| 005 | 20160331110403.0 | ||
| 010 | _a1516ENO7 ENG-114553 | ||
| 020 |
_a9789350716861 _c1100.00 |
||
| 035 | _aEN-98085 | ||
| 035 | _aB-607300-317 | ||
| 037 |
_adpl _bVariety/Ven |
||
| 037 | _bDBAD/PUB | ||
| 082 | _a343.5404 | ||
| 100 | _aSinghania, Vinod K. | ||
| 245 |
_aTaxmann's direct taxes : _cby Vinod Kumar Singhania [and] Kapil Singhania _blaw & practice with special refrence to tax planning / |
||
| 250 | _a54th ed | ||
| 260 |
_aNew Delhi _bTaxmann Publications _c2015 |
||
| 270 |
_a59/32, New Rohtak Road, _bNew Delhi _e110005 _k+91-11-45562222 _l- _m- |
||
| 300 |
_aI-27,1551p. _c25cm(pbk) |
||
| 700 | _a Singhania, Kapil | ||
| 942 |
_2ddc _cEN _mSIN _h343.5404 |
||
| 999 |
_c95851 _d95851 |
||